Language Quiz

Random Language or German Quiz

Länder auf Deutsch - Countries in German Quiz Stats

 Plays Quiz not verified by Sporcle

Challenge
Share
Tweet
Embed
Score 0/25 Timer 04:00
0 Plays Today
% Correct
Brasilien
91.2%
Ecuador
89.4%
Frankreich
88.1%
Schweiz
87.6%
Russland
87.6%
Vatikanstadt
85.2%
Vereinigtes Königreich
84.5%
Deutschland
84.3%
Libanon
83.1%
Neuseeland
82%
Kap Verde
82%
Vereinigte Staaten
81.8%
Dänemark
80.7%
% Correct
Ungarn
80.7%
Zypern
78.9%
Tschad
78.2%
Estland
77.1%
Island
77.1%
Lettland
76.6%
Marokko
75.1%
Ägypten
74.2%
Mosambik
71.7%
Palästina
71%
Kolumbien
71%
Gabun
65.2%

You're not logged in!

Compare scores with friends on all Sporcle quizzes.
Join for Free
OR
Log In

You Might Also Like...

Show Comments

Extras

Top Quizzes Today


Score Distribution

Your Account Isn't Verified!

In order to create a playlist on Sporcle, you need to verify the email address you used during registration. Go to your Sporcle Settings to finish the process.

Report this User

Report this user for behavior that violates our Community Guidelines.

Details: